Does Germany Have... - Statistics

General Stats
  • This quiz has been taken 29 times
  • The average score is 14 of 20
Answer Stats
Hint Explanation Answer % Correct
The Biggest Economy In Europe It's $4.66 Trillion GDP makes it #3 on earth Yes
96%
The Tallest Building In The European Union The tallest building in the European Union is in Poland, the second tallest is in Germany No
93%
The Biggest National Park In Europe Vatnajökull National Park is 13% of Iceland's total land area No
89%
The Birthplace of Mozart Mozart was born in Salzburg, Austria No
89%
20 Million International Tourists Annually Germany receives a high number of tourists each year, with 37.4 million international visitors recorded in 2024 Yes
89%
4 FIFA World Cups 1954, 1974, 1990, and 2014 Yes
85%
An Eagle On Their Official Seal The Bundesadler is a black eagle on a yellow background Yes
85%
Eight Land Borders Nine- Austria, Belgium, Czech Republic, Denmark, France, Luxembourg, Netherlands, Poland, Switzerland Yes
85%
Three Quarters Of German Speakers Worldwide Wikipedia thinks 78.3% of German speakers live in Germany Yes
81%
5% Of The World's Migrants Germany is a host to around 12 Million of the World's 244 Million Migrants Yes
74%
An Official Language Shared By Five Other Countries Austria, Belgium, Liechtenstein, Luxembourg, Switzerland Yes
74%
3 Megacities Berlin, Germany's most populated city, has around 3.5 Million People No
67%
20 Million Trilingual People Wikipedia says 27% of Germany's population claims to be trilingual Yes
67%
The Most Castles Of Any Country While Germany has upwards of 3,000, France has 45,000! No
63%
Any Of Adolf Hitler's Remains A jawbone fragment and a piece of skull are held in the Russian State Archives in Moscow. This is all that remains of Hitler's body. No
63%
World's Biggest Car Company By Vehicles Sold Volkswagen is #2, after Toyota No
56%
A 10,000 Foot Mountain Zugspitze is 9,718 feet tall No
48%
Bratwurst As An Official Food Germany's official dish is Sauerbraten No
41%
The Third Oldest Population In The World Germany has a median age of 47.4 years Yes
41%
The Most People Of Any Country Ending In Y Turkey has around 2 Million More People No
37%
No matching quizzes found
Score Distribution
Percent of People with Each Score
Percentile by Number Answered
Your Score History
You have not taken this quiz